Statistics for U.S. Government Acronyms

Click here to take the quiz!

General Stats

  • This quiz has been taken 158 times
  • The average score is 8 of 15

Answer Stats

HintAnswer% Correct
CIACentral Intelligence Agency
90%
FBIFederal Bureau of Investigation
85%
IRSInternal Revenue Service
83%
EPAEnvironmental Protection Agency
77%
FDAFood and Drug Administration
77%
NSANational Security Agency
77%
DOTDepartment of Transportation
68%
SSASocial Security Administration
58%
FAAFederal Aviation Administration
56%
NASANational Aeronautics and Space Administration
40%
DOIDepartment of the Interior
29%
CBPCustoms and Border Protection
18%
GSAGeneral Services Administration
15%
DHSSDepartment of Health and Social Services
11%
CISCitizenship and Immigration Services
6%

Score Distribution

Percentile by Number Answered

Percent of People with Each Score

Your Score History

You have not taken this quiz